| 000 | 01128nam a22002777a 4500 | ||
|---|---|---|---|
| 005 | 2010101908158.0 | ||
| 008 | 101019t xxu||||| |||| 00| 0 hin d | ||
| 010 | _aHIN-96261 | ||
| 020 |
_c300.00 _a9789380458311 |
||
| 035 | _aHN-68607 | ||
| 037 | _bDBAD / PUB | ||
| 040 |
_aDPL _bHN |
||
| 082 | _aउ | ||
| 100 |
_923632 _aदिव्याल,विभांशु |
||
| 245 |
_aगाथा लंपटतंत्र की / _bविभांशु दिव्याल |
||
| 260 |
_aनई दिल्ली _bसामयिक _c2012 |
||
| 270 |
_bनई दिल्ली _a3320-21, जटवाडा़ दरियागंज,एन.एस. मार्ग, _e110002 |
||
| 300 | 1 |
_a192पृ. _c22सेमी (सजिल्द) |
|
| 650 |
_9657 _aहिन्दी कथासाहित्य |
||
| 650 | _934273 | ||
| 700 | _948760 | ||
| 710 | _934811 | ||
| 710 | _935049 | ||
| 942 |
_2ddc _cHN _mदिव्याल _hउ |
||
| 999 |
_c67812 _d67812 |
||